| 000 | 01209nam0a2200361 4500 | ||
|---|---|---|---|
| 001 | RU\NLR\bibl\374510 | ||
| 005 | 20250622151533.0 | ||
| 010 |
_a5-86225-292-4 _910000 |
||
| 021 |
_aRU _b2002-62851 _93056 |
||
| 035 | _a(NLR Aleph) 000369004 | ||
| 090 |
_a383600 _c383600 |
||
| 100 | _a20030219d2002 |||y0rusy50 ca | ||
| 101 | 0 | _arus | |
| 102 | _aRU | ||
| 105 | _aa ||||||||| | ||
| 200 | 1 |
_aIBM PC для пользователя _e[От начинающего - до опытного] _fВ. Э. Фигурнов |
|
| 205 | _a7-е изд., перераб. и доп. | ||
| 210 |
_aМ. _cИНФРА-М _d2002 |
||
| 215 |
_a638 с. _cил. _d26 |
||
| 313 | _aизд.проверено | ||
| 606 | 0 |
_aIBM, персональные компьютеры _92074043 _3RU\NLR\auth\661249007 |
|
| 610 | 0 | _aКомпьютеры персональные | |
| 675 |
_a004.382.7 _v3 _zrus |
||
| 686 |
_a50 _2rugasnti |
||
| 686 |
_a32.973.26 _2rubbk |
||
| 686 | _aЗ973.23-082 | ||
| 700 | 1 |
_aФигурнов _bВ. Э. _gВиктор Эвальдович _4070 |
|
| 801 | 0 |
_aRU _bRKP _c20030219 _gPSBO |
|
| 801 | 1 |
_aRU _bRKP _c20030219 |
|
| 801 | 2 |
_aRU _bNLR _c20030403 _grcr |
|
| 942 | _cBOOK | ||
| 980 | _aNB | ||